000
00200 a2200097 4500
001
49659
100
_a
Lockitt
245
_a
Art of the Esssys
260
_a
London
_b
Langman
_c
090
_c
32172
_d
32172
942
_a
NUST-CAE
_c
M
_c
24639
999
_c
284732
_d
284732